000
00337cam a2200145ua 4500
001
3724
008
131204n II |||gr||||Z||||||asm
040
_a
MAIN
041
_a
English
082
_a
330.54 DIB
100
_a
CO-ORDINATION COMMITTEE.
245
_a
BHARATAR ADHUNIK ARTHANAITIK UNNAYAN
653
_a
INDIAN ECONOMY
942
_c
BK
999
_c
3711
_d
3711